000 00448nam a22001577a 4500
999 _c525245
_d525245
003 NUST
038 _aMr. Zahoor
082 _a621.3
100 _aHussain, Mansoor
_915989
245 _aTitanium dioxide based resistive switching devices /
_cMansoor Hussain
260 _aIslamabad :
_bCEME - NUST,
_c2017.
300 _a62 p. : ill. ;
_c30 cm.
500 _aHardcover.
600 _aElectrical Engineering - MS Thesis.
_915630
942 _2ddc
_cTHE